000 01167nmm a2200337 a 4500
001 ocm0001299375
003 TR-IsHL
005 20201028161803.0
008 160715s2015 tu tur
007 cr cn
020 _a9789944122450
035 _a1299375
_b(N$T)
050 0 4 _aHB97.5
_b.W35 2015
090 0 4 _aHB97.5
_b.W35 2015
100 1 _aWayne, Mike
245 1 0 _aMarksizm ve medya araştırmaları: kilit kavramlar ve çağdaş eğilimler
_h[electronic resource] /
_cMike Wayne ; çeviri Barış Cezar
250 _a2. basım
260 _aİstanbul :
_bYordam Kitap,
_c2015
300 _a353 p.
650 4 _aMedya ve İletişim
650 4 _aCommunication & Media
650 0 _aMarksist ekonomi
650 0 _aMarxian economics
650 0 _aMedya
_xEkonomik yönleri
650 0 _aMass media
_xEconomic aspects
650 0 _aMedya
_xSosyal yönleri
650 0 _aMass media
_xSocial aspects
650 7 _aPOLITICAL SCIENCE / Political Ideologies / Communism, Post-Communism & Socialism
_2bisacsh
700 1 _aCezar, Barış
856 4 0 _uhttp://search.ebscohost.com/login.aspx?direct=true&scope=site&db=e011xww&AN=1299375
999 _c14336
_d14336